Statistics for Closest Cities to Las Vegas

Click here to take the quiz!

General Stats

  • This quiz has been taken 115 times
  • The average score is 7 of 20

Answer Stats

kmCitymi% Correct
368Los Angeles229
82%
21Henderson13
80%
4North Las Vegas3
77%
301San Bernardino187
46%
360Bakersfield224
45%
317Riverside197
45%
364Anaheim226
41%
370Irvine230
30%
366Santa Ana227
28%
327Ontario203
26%
363Glendale225
22%
316Lancaster197
19%
322Palmdale200
19%
382Huntington Beach237
17%
311Fontana193
16%
320Rancho Cucamonga199
16%
312Moreno Valley194
15%
337Corona209
13%
363Santa Clarita226
13%
369Garden Grove229
4%

Score Distribution

Percentile by Number Answered

Percent of People with Each Score

Your Score History

You have not taken this quiz